<?xml version="1.0" encoding="UTF-8"?>
<record
    xmlns:xsi="http://www.w3.org/2001/XMLSchema-instance"
    xsi:schemaLocation="http://www.loc.gov/MARC21/slim http://www.loc.gov/standards/marcxml/schema/MARC21slim.xsd"
    xmlns="http://www.loc.gov/MARC21/slim">

  <leader>01441nam a22002537a 4500</leader>
  <controlfield tag="008">170930s2009        enk||||| |||| 00| 0 eng d</controlfield>
  <datafield tag="020" ind1=" " ind2=" ">
    <subfield code="a">99783865606228</subfield>
  </datafield>
  <datafield tag="082" ind1="0" ind2="4">
    <subfield code="a">779</subfield>
    <subfield code="b">K298a</subfield>
  </datafield>
  <datafield tag="100" ind1="1" ind2=" ">
    <subfield code="a">Kelm, Annette.</subfield>
    <subfield code="9">5999</subfield>
  </datafield>
  <datafield tag="245" ind1=" " ind2=" ">
    <subfield code="a">Annette Kelm /</subfield>
    <subfield code="c">Annette Kelm ; Kunsthalle Z&#xFC;rich, KW Institute for Contemporary Art y Witte de With.</subfield>
  </datafield>
  <datafield tag="250" ind1=" " ind2=" ">
    <subfield code="a">1a edici&#xF3;n.</subfield>
  </datafield>
  <datafield tag="260" ind1=" " ind2=" ">
    <subfield code="a">Londres :</subfield>
    <subfield code="b">Koenig Books,</subfield>
    <subfield code="c">2009.</subfield>
  </datafield>
  <datafield tag="300" ind1=" " ind2=" ">
    <subfield code="a">160 p&#xE1;ginas :</subfield>
    <subfield code="b">ilustraciones en color.</subfield>
  </datafield>
  <datafield tag="500" ind1=" " ind2=" ">
    <subfield code="a">Cat&#xE1;logo publicado con motivo a la exposici&#xF3;n itinerante "Annette Kelm", presentada en: - Kunsthalle Z&#xFC;rich, del 24 de enero al 26 de abril de 2009, curada por Beatriz Ruf -KW Institute for Contemporary Art, del 3 de mayo al 19 de julio de 2009, curada por Susanne Pfeffer -Witte de With Center for Contemporary Art, del 13 de junio al 24 de agosto de 2008, curada por Ncolaus Schafhausen y Zo&#xEB; Gray.</subfield>
  </datafield>
  <datafield tag="505" ind1="0" ind2=" ">
    <subfield code="t">Susanne Pfeffer, Beatrix Ruf y Nicolaus Schafhausen en conversaci&#xF3;n.</subfield>
    <subfield code="t">Target and record</subfield>
    <subfield code="r">Caoimh&#xED;n Mac Giolla L&#xE9;ith.</subfield>
    <subfield code="t">This is not a photograph</subfield>
    <subfield code="r">Dirk von Lowtzow.</subfield>
    <subfield code="t">Sense and sensibility: pleasure, pattern and the picture plane</subfield>
    <subfield code="r">Zo&#xEB; Gray.</subfield>
  </datafield>
  <datafield tag="653" ind1="1" ind2="0">
    <subfield code="a">Arte contempor&#xE1;neo</subfield>
  </datafield>
  <datafield tag="653" ind1="1" ind2="0">
    <subfield code="a">Fotograf&#xED;a</subfield>
  </datafield>
  <datafield tag="653" ind1="1" ind2="0">
    <subfield code="a">Fotogr&#xE1;fos</subfield>
  </datafield>
  <datafield tag="653" ind1="1" ind2="0">
    <subfield code="a">Exhibici&#xF3;n itinerante</subfield>
  </datafield>
  <datafield tag="653" ind1="1" ind2="0">
    <subfield code="a">Cat&#xE1;logo de exhibici&#xF3;n</subfield>
  </datafield>
  <datafield tag="710" ind1="1" ind2=" ">
    <subfield code="a">Kunsthalle Z&#xFC;rich.</subfield>
    <subfield code="9">6000</subfield>
  </datafield>
  <datafield tag="710" ind1="1" ind2=" ">
    <subfield code="a">KW Institute for Contemporary Art.</subfield>
    <subfield code="9">6001</subfield>
  </datafield>
  <datafield tag="710" ind1="1" ind2=" ">
    <subfield code="a">Witte de With.</subfield>
    <subfield code="9">6002</subfield>
  </datafield>
  <datafield tag="999" ind1=" " ind2=" ">
    <subfield code="c">1298</subfield>
    <subfield code="d">1298</subfield>
  </datafield>
  <datafield tag="952" ind1=" " ind2=" ">
    <subfield code="0">0</subfield>
    <subfield code="1">0</subfield>
    <subfield code="2">ddc</subfield>
    <subfield code="4">0</subfield>
    <subfield code="7">0</subfield>
    <subfield code="a">LV</subfield>
    <subfield code="b">LV</subfield>
    <subfield code="c">Monograf&#xED;as</subfield>
    <subfield code="d">2017-09-30</subfield>
    <subfield code="l">0</subfield>
    <subfield code="o">779 K298a</subfield>
    <subfield code="p">000865</subfield>
    <subfield code="r">2017-09-30 00:00:00</subfield>
    <subfield code="w">2017-09-30</subfield>
    <subfield code="y">01</subfield>
  </datafield>
</record>
